| 000 | 00991nam a2200253Ia 4500 | ||
|---|---|---|---|
| 003 | OSt | ||
| 005 | 20220923211009.0 | ||
| 006 | a|||||r|||| 00| 0 | ||
| 007 | ta | ||
| 008 | 220922b |||||||| |||| 00| 0 hin d | ||
| 020 |
_a8170550057 (hbk) _c395 |
||
| 024 | _a241,510 | ||
| 037 |
_b483, 02/03/2010, Vani Prakashan _cTextual |
||
| 040 |
_aARTS _cARTS _bhin |
||
| 041 |
_2hin _ahin |
||
| 082 | _aO152,6N121:g, P2 | ||
| 100 |
_aत्रिपाठी, विश्वनाथ, संपा. _9156982 |
||
| 245 | 0 |
_aहिन्दी के प्रहरी _b डॉ रामविलास शर्मा |
|
| 246 | _aHindī ke praharī: ḍaॉ. Rāmavilās sharmā | ||
| 260 |
_aनयी दिल्ली _b वाणी प्रकाशन _c2002 |
||
| 300 |
_a519पृ. _ccm. |
||
| 942 |
_hO152,6N121:g, P2 _cTEXL _2CC |
||
| 999 |
_c293693 _d293693 |
||